[Event "CZE-chT1W 0809"]
[Site "Czech Republic"]
[Date "2009.01.18"]
[Round "6.4"]
[White "Vacek, Martin"]
[Black "Forman, Stepan"]
[Result "1/2-1/2"]
[WhiteElo "2308"]
[BlackElo "2332"]
[PlyCount "123"]
[EventDate "2008.10.19"]
[EventType "team-tourn"]
[EventRounds "11"]
[EventCountry "CZE"]
[SourceTitle "EXT 2010"]
[Source "ChessBase"]
[SourceDate "2010.11.25"]
[SourceVersion "1"]
[SourceVersionDate "2010.11.25"]
[SourceQuality "1"]
[WhiteTeam "Hradec Kralove"]
[BlackTeam "Vrsovice"]
[WhiteTeamCountry "CZE"]
[BlackTeamCountry "CZE"]

1. d4 d6 2. e4 Nf6 3. Nc3 c6 4. a4 e5 5. Nf3 Nbd7 6. g3 Be7 7. Bg2 0-0 8. 0-0 Re8 9. Re1 Qc7 10. Be3 Nf8 11. Qd3 Ng4 12. Bc1 exd4 13. Nxd4 Bf6 14. h3 Ne5 15. Qd1 Qb6 16. Nb3 Nc4 17. a5 Qc7 18. Kh2 Be6 19. f4 b5 20. axb6 axb6 21. Rxa8 Rxa8 22. Qd3 Rd8 23. Nd4 Na5 24. Nxe6 Nxe6 25. b4 Nb7 26. Be3 Ra8 27. Ne2 Ra2 28. Qb3 Rb2 29. Qa4 b5 30. Qa8+ Nf8 31. Rc1 Rxb4 32. Qe8 Nd8 33. e5 Qe7 34. Qxe7 Bxe7 35. Nd4 dxe5 36. Nf5 Bf6 37. fxe5 Bxe5 38. Ne7+ Kh8 39. Rd1 Nfe6 40. Bb6 Rd4 41. Bxd4 Nxd4 42. c3 N4e6 43. Nxc6 Nxc6 44. Bxc6 h5 45. Rd5 f6 46. h4 g5 47. hxg5 Nxg5 48. Kg2 Bxc3 49. Rxb5 Kg7 50. Bd7 Be5 51. Bf5 Kh6 52. Rb7 Bd4 53. Rb1 Nf7 54. Bd7 Ne5 55. Be8 Kg5 56. Rh1 Ng6 57. Kf3 Be5 58. Rd1 Ne7 59. Rh1 Ng6 60. Bf7 Bd6 61. Be8 Ne5+ 62. Ke2 1/2-1/2

[Event "CZE-chT1W 0809"]
[Site "Czech Republic"]
[Date "2008.12.14"]
[Round "5.3"]
[White "Vacek, Martin"]
[Black "Pletanek, Jan"]
[Result "1-0"]
[WhiteElo "2308"]
[BlackElo "2237"]
[PlyCount "82"]
[EventDate "2008.10.19"]
[EventType "team-tourn"]
[EventRounds "11"]
[EventCountry "CZE"]
[SourceTitle "EXT 2010"]
[Source "ChessBase"]
[SourceDate "2010.11.25"]
[SourceVersion "1"]
[SourceVersionDate "2010.11.25"]
[SourceQuality "1"]
[WhiteTeam "Hradec Kralove"]
[BlackTeam "Litomerice"]
[WhiteTeamCountry "CZE"]
[BlackTeamCountry "CZE"]

1. e4 c5 2. b3 d6 3. Bb2 Nf6 4. Nc3 Nc6 5. Bb5 Bd7 6. f4 a6 7. Bxc6 Bxc6 8. Qe2 e6 9. Nf3 Qc7 10. 0-0 0-0-0 11. Rad1 h5 12. d4 h4 13. dxc5 d5 14. b4 Qxf4 15. Nd4 Qc7 16. e5 Ne4 17. Nxe4 dxe4 18. Nxc6 Qxc6 19. Rxd8+ Kxd8 20. Rxf7 h3 21. gxh3 Ke8 22. Rf4 g5 23. Rxe4 Rxh3 24. Qg2 Rh7 25. Rd4 Qa4 26. Qe4 Rf7 27. a3 Rf5 28. Qxb7 Be7 29. Qe4 Qb5 30. Rd3 g4 31. Kg2 Bh4 32. Bd4 Qc4 33. Rd1 Kf7 34. c6 Kg6 35. c3 Kh5 36. c7 Qxc7 37. Rf1 Rxf1 38. Kxf1 Qc4+ 39. Kg1 Qc7 40. c4 Bg5 41. c5 Be7 1-0